| 000 | 00574nam a22001935i 4500 | ||
|---|---|---|---|
| 001 | 48738 | ||
| 003 | ES-MaACL | ||
| 005 | 20230906161817.0 | ||
| 007 | t| | ||
| 008 | 950727s1876 sp ||||1| spa d | ||
| 080 | _a821.111-31"18" | ||
| 100 | 1 |
_aDickens, Charles. _944489 |
|
| 245 | 1 | 0 |
_aParís y Londres en 1793 / _cCarlos Dickens ; traducción de Eduardo Quílez. |
| 250 | _a2ª ed. | ||
| 260 |
_aMadrid : _bE. Vicente, _c1876. |
||
| 300 |
_a480 p. ; _c18 cm. |
||
| 700 | 1 |
_aQuílez, Eduardo. _994626 |
|
| 852 | 4 |
_aES-MaACL _jG-10732 _z- Legado de Gustavo Saenz Díez |
|
| 999 |
_c48738 _d48738 |
||